LEADER 01330nam--2200397---450- 001 990001179760203316 005 20090907140817.0 010 $a88-495-0378-4 035 $a000117976 035 $aUSA01000117976 035 $a(ALEPH)000117976USA01 035 $a000117976 100 $a20030929d2003----km-y0itay0103----ba 101 0 $aita 102 $aIT 105 $a||||||||001yy 200 1 $aCodice di procedura penale$elegislazione sui minori e sul giudice di pace, annotazioni di giurisprudenza costituzionale$fa cura di Giuseppe Riccio e Sergio Marotta 210 $aNapoli [etc]$cEdizioni scientifiche italiane$d2003 215 $a761 p.$d21 cm 225 2 $aBiblioteca di diritto processuale$v14 410 0$12001$aBiblioteca di diritto processuale$v14 606 0 $aCodice di procedura penale 676 $a345.450502638 702 1$aRICCIO,$bGiuseppe 702 1$aMAROTTA,$bSergio 710 02$aITALIA$0423419 801 0$aIT$bsalbc$gISBD 912 $a990001179760203316 951 $aXXVI.2.A 68 (CODEX 957)$b36812 G.$cXXVI.2.A 68 (CODEX)$d00085810 959 $aBK 969 $aGIU 979 $aRENATO$b90$c20030929$lUSA01$h0949 979 $aPATRY$b90$c20040406$lUSA01$h1724 979 $aRSIAV2$b90$c20090907$lUSA01$h1408 996 $aCodice di procedura penale$9200118 997 $aUNISA LEADER 02880oam 2200697I 450 001 9910967953403321 005 20251116233147.0 010 $a1-136-66114-X 010 $a0-203-80727-8 010 $a1-299-31943-2 010 $a1-136-66115-8 024 7 $a10.4324/9780203807279 035 $a(CKB)2560000000100735 035 $a(EBL)1154294 035 $a(OCoLC)831117987 035 $a(SSID)ssj0000855927 035 $a(PQKBManifestationID)12418201 035 $a(PQKBTitleCode)TC0000855927 035 $a(PQKBWorkID)10792697 035 $a(PQKB)10230152 035 $a(OCoLC)830653600 035 $a(MiAaPQ)EBC1154294 035 $a(Au-PeEL)EBL1154294 035 $a(CaPaEBR)ebr10676576 035 $a(CaONFJC)MIL463193 035 $a(FINmELB)ELB136324 035 $a(EXLCZ)992560000000100735 100 $a20180706d2013 uy 0 101 0 $aeng 135 $aur|n|---||||| 181 $ctxt 182 $cc 183 $acr 200 10$aComplexity and control in team sports $edialectics in contesting human systems /$fFelix Lebed and Michael Bar-Eli 205 $a1st ed. 210 1$aAbingdon, Oxon :$cRoutledge,$d2013. 215 $a1 online resource (473 p.) 225 1 $aRoutledge research in sport and exercise science ;$v6 300 $aDescription based upon print version of record. 311 08$a1-138-83385-1 311 08$a0-415-67288-0 320 $aIncludes bibliographical references and index. 327 $apt. 1. Methodological aspects of complexity in team sports -- pt. 2. Individuals in team contests : the complexity point of view -- pt. 3. Complexity in sport teams and organizations -- pt. 4. Applying the complexity approach. 330 $aComplexity and Control in Team Sports is the first book to apply complex systems theory to 'soccer-like' team games (including basketball, handball and hockey) and to present a framework for understanding and managing the elite sports team as a multi-level complex system. Conventional organizational studies have tended to define team sports as a set of highly heterogeneous physical, mental and cognitive activities within which it is difficult, if not impossible, to find common behavioural playing regularities or universal pedagogies for controlling those activities. Adopting a whol 410 0$aRoutledge research in sport and exercise science ;$v6. 606 $aSports sciences 606 $aTeam sports 606 $aSports$xManagement 615 0$aSports sciences. 615 0$aTeam sports. 615 0$aSports$xManagement. 676 $a796.06/9 700 $aLebed$b Felix$01878066 701 $aBar-Eli$b Michael$01635349 801 0$bMiAaPQ 801 1$bMiAaPQ 801 2$bMiAaPQ 906 $aBOOK 912 $a9910967953403321 996 $aComplexity and control in team sports$94490569 997 $aUNINA